000 00691nam a2200217 a 4500
005 20231024063704.0
008 160816s2012 mx r 000 0 spa d
020 _a9786074015485
035 _aUPN01000212357
049 _aCG
050 4 _aP90
_bG3.6
100 1 _aGarduño Oropeza, Gustavo Adolfo
_939356
245 1 0 _aPretextos del sentido :
_baforismos y proposiciones desde la comunicación /
_cGustavo A. Garduño Oropeza.
260 _aMéxico :
_bUAEM :
_bMiguel Angel Porrúa,
_c2012.
300 _a77 p.
440 4 _aLas ciencias sociales
650 4 _aCOMUNICACION -
_xFILOSOFIA
_96560
650 4 _aFilosofía moderna
_ySiglo XX
_98108
905 _aLibro
999 _c184457
_d184457